|
|
|
|
| LEADER |
00936nam a2200241 a 4500 |
| 001 |
1213466 |
| 008 |
090622r2000 nyu b 001 0 eng d |
| 010 |
|
|
|a 99025715
|
| 020 |
|
|
|a 8178081229
|
| 020 |
|
|
|a 0273639609 (alk. paper)
|
| 040 |
|
|
|a DLC
|c DLC
|
| 082 |
0 |
0 |
|a 658.8/02
|2 21
|
| 100 |
1 |
|
|a Blythe, Jim.
|
| 245 |
1 |
0 |
|a Marketing communications /
|c Jim Blythe.
|
| 260 |
|
|
|a New York :
|b Prentice Hall, ;
|a New Delhi :
|b Addison Wesley,
|c 2000.[Reprinted]
|
| 300 |
|
|
|a xi, 252 p. :
|b ill. ;
|c 26 cm.
|
| 504 |
|
|
|a Includes bibliographical references and index.
|
| 541 |
1 |
|
|e 00009210
|
| 650 |
|
0 |
|a Communication in marketing.
|
| 650 |
|
0 |
|a Marketing.
|
| 852 |
4 |
|
|a Ayesha Abed Library
|j General shelf
|
| 999 |
|
|
|c 1545
|d 1545
|
| 952 |
|
|
|0 0
|1 0
|2 ddc
|4 0
|6 658_802000000000000_BLY_2000
|7 0
|9 1420
|a BRACUL
|b BRACUL
|c GEN
|d 2009-06-28
|g 0.00
|l 2
|m 13
|o 658.802 BLY
|p 3010009210
|r 2025-10-14
|s 2025-09-21
|t 1
|w 2009-06-28
|y BK
|x No price found in the accession register.
|